Luật xây dựng năm 2003, sửa đổi bổ sung năm 2009

Trình bày nội dung luật xây dựng năm 2003, luật sửa đổi, bổ sung năm 2009 bao gồm 123 điều với các phần: qui định chung, qui hoạch xây dựng, dự án đầu tư xây dựng công trình khảo sát, thiết kế xây dựng, lựa chọn nhà thầu và hợp đồng xâ...

全面介紹

Đã lưu trong:
書目詳細資料
格式: 圖書
語言:Undetermined
出版: Hà Nội Lao động 2009
主題:
標簽: 添加標簽
沒有標簽, 成為第一個標記此記錄!
Thư viện lưu trữ: Trung tâm Học liệu Trường Đại học Cần Thơ
LEADER 01089nam a2200193Ia 4500
001 CTU_153944
008 210402s9999 xx 000 0 und d
020 |c 16000 
082 |a 343.59707869 
082 |b L504 
245 0 |a Luật xây dựng năm 2003, sửa đổi bổ sung năm 2009 
260 |a Hà Nội 
260 |b Lao động 
260 |c 2009 
520 |a Trình bày nội dung luật xây dựng năm 2003, luật sửa đổi, bổ sung năm 2009 bao gồm 123 điều với các phần: qui định chung, qui hoạch xây dựng, dự án đầu tư xây dựng công trình khảo sát, thiết kế xây dựng, lựa chọn nhà thầu và hợp đồng xây dựng, quản lí nhà nước về xây dựng... 
650 |a Building code,Bộ luật xây dựng,Construction,Xây dựng 
650 |x Law and legislation,Luật và văn bản quy phạm pháp luật 
904 |i Trọng Hải 
980 |a Trung tâm Học liệu Trường Đại học Cần Thơ